00000000nam##2200000za#4500
0019.659483
003CaOODSP
00520200328175724
007ta
008150407|1997||||xxc|||||     f|0| 0 eng|d
020 |a0-662-63081-5
040 |aCaOODSP|beng
041 |aeng
041 |afre
043 |an-cn---
0861 |aH21-99/1996
1101 |aCanada.|bHealth Canada. |bPolicy and Consultation Branch.
24510|aNational health expenditures in Canada, 1975-1996
260 |aOttawa - Ontario : |bHealth Canada. |c1997.
300 |a17p. : |bgraphs, tables ; |c28 cm.
546 |aBilingual
563 |aSoftcover
590 |a98-42|b1998-10-16
7760#|tDépenses nationales de santé au Canada, 1975-1996 : |w(CaOODSP)9.675798
792 |tDépense nationales de santé au Canada, 1975-1996 |efre|w(CaOODSP)9.659484
986 |aFact sheets.